000 00771cab a2200301 4500
001 ABS60469
008 090401t1999 xxu||||| |||| 00| 0 eng d
035 _a(Sirsi) u92991
041 _aeng
100 _aStephens, J.
245 _aDiversionary tactics
260 _c1999
350 _a0
490 _aEstates Gazette
_v(9915) 17 April 1999, 124-125(2)
650 _aCIVIL AVIATION AUTHORITY
650 _aCOMPETITION
650 _aCOMPETITORS
650 _aDEVELOPMENTS
650 _aENVIRONMENT AGENCY
650 _aHEALTH AUTHORITIES
650 _aHIGHWAYS AGENCY
650 _aJUDICIAL REVIEW
650 _aPLANNING CONDITIONS
650 _aPLANNING CONSENT
690 _aPROPERTY-PROPERTY DEVELOPMENT
942 _n0
948 _c27/04/1999
999 _c58933
_d58933